000 01349nam a2200349 a 4500
001 000110985
003 CHAP
005 20220329144153.0
008 141104s2014 mx a |sm |||||||spa d
010 _a107447
011 _a108419
040 _cCHAP
090 _aTesis
100 1 _aCortés Hernández, Jesús Eduardo
_9128761
245 1 0 _aSusceptibilidad de maices híbridos y criollos a la inoculación artificial de huitlacoche [Ustilago maydis (D.C.) Cda.], en el valle agrícola de Rioverde, S.L.P.
_h[En línea]
_cpor Jesús Eduardo Cortés Hernández.
260 _aChapingo, Méx. :
_bEl autor,
_c2014.
500 _aPara ver el contenido del material haga clic en la liga
502 _aTesis (Ing. Agr. Esp. en Suelos) -- UACH. Departamento de Suelos
590 _aE11695DGD
_b10
_c20141112
_lUCH01
_h1108
590 _aE11695DGD
_b10
_c20141112
_lUCH01
_h1112
590 _aE5652GLJ
_b05
_c20141104
_lUCH01
_h1454
590 _aE5652GLJ
_b05
_c20141110
_lUCH01
_h0837
590 _aE5652GLJ
_b05
_c20141110
_lUCH01
_h0837
650 1 4 _aCuitlacoche
_xInoculación.
_930197
650 1 4 _aCuitlacoche
_xRendimiento.
_9124378
650 1 4 _aMaíz
_xHíbridos.
_970974
650 1 4 _aMaíz
_xVariedades.
_971081
856 _aFinding aid
_uhttp://10.13.5.2/tesis/sist110985.pdf
_zTeclea aquí
901 _aBK
942 _cTESIS
942 _n0
999 _c107447
_d107447